Normal view
MARC view
Entry Personal Name
001 - CONTROL NUMBER
- control field: 872507
003 - CONTROL NUMBER IDENTIFIER
- control field: OSt
005 - DATE AND TIME OF LATEST TRANSACTION
- control field: 20260114185632.0
008 - FIXED-LENGTH DATA ELEMENTS
- fixed length control field: 260114|| aca||aabn | a|a d
040 ## - CATALOGING SOURCE
- Original cataloging agency: OSt
- Transcribing agency: OSt
100 ## - HEADING--PERSONAL NAME
- Personal name: Frederick C. Schneid
670 ## - SOURCE DATA FOUND
- Source citation: Work cat.: (OSt)1471455: Frederick C. Schneid, The Second War of Italian Unification 1859?61 , 2016
